|
|
|
|
| LEADER |
00000nab a2200000 a 4500 |
| 001 |
vtls000686012 |
| 003 |
SK-MaSNL |
| 005 |
20260304234837.0 |
| 008 |
180206c1998 xo 0 slo |
| 015 |
|
|
|a SNBRB1999/02-02770
|
| 035 |
|
|
|a CLN000038179
|
| 040 |
|
|
|a SNKBUCL
|b slo
|c SNKBUCL
|e AACR2
|
| 041 |
0 |
|
|a slo
|
| 044 |
|
|
|a xo
|c SK
|
| 080 |
|
|
|a 378(481):7.05:72
|2 1997
|
| 080 |
|
|
|a 7.05
|2 1997
|
| 080 |
|
|
|a 72
|2 1997
|
| 100 |
1 |
|
|a Michl, Jan
|4 aut
|9 997011
|
| 245 |
1 |
0 |
|a Organizácia doktorandského štúdia pre dizajnérov a architektov v Oslo
|c Jan Michl
|
| 300 |
|
|
|b Fotogr.
|
| 650 |
0 |
7 |
|a dizajn
|x architektúra
|x štúdium doktorandské
|z Nórsko
|2 snkbucl
|9 1571825
|
| 650 |
0 |
7 |
|a architektúra
|2 snkbucl
|9 722
|
| 651 |
|
7 |
|a Oslo (Nórsko)
|2 snkbucl
|9 23930
|
| 655 |
|
7 |
|a články z novín a časopisov
|2 snkbucl
|9 267496
|
| 773 |
0 |
|
|t DE SIGN UM
|g Roč. 5, č. 4 (1998), s. 29-30
|x 1335-034X
|
| 850 |
|
|
|a Slovenská národná knižnica
|
| 852 |
|
|
|a SNK
|b KIS3GCP
|
| 958 |
|
|
|a RBX
|
| 999 |
|
|
|c 3205849
|d 3207779
|